Não venham já ou uma casa virada do avesso (Registo nº 6023)

Detalhes MARC
000 -Etiqueta do registo
Valores 00678cam a2200229 4500
010 ## - Número ISBN
ISBN 9789722120630
021 ## - Número do Depósito Legal
Número 285479/08
100 ## - Dados gerais de processamento
Dados gerais 20250929d2009 c y0pory5003 ba
200 1# - Titulo e menção de responsabilidade
Título próprio Não venham já ou uma casa virada do avesso
Primeira menção de responsabilidade João Pedro Mésseder
Outras menções de responsabilidade il. Luís Henriques
210 ## - Publicação
Local de publicação [Lisboa]
Nome do editor Caminho
Data de publicação imp. 2009
215 ## - Descrição física 
Paginação / Volumes [28] p.
Outras indicações físicas il.
606 ## - Nome comum usado como assunto
ID Autoridade 14
Palavra de ordem Literatura infantil
606 ## - Nome comum usado como assunto
ID Autoridade 15
Palavra de ordem Literatura Portuguesa
675 ## - CDU
Notação 82-93
Edição BN
Língua por
675 ## - CDU
Notação 821.134.3
Edição BN
Língua por
700 ## - Autor principal (pessoa individual)
Apelido Messeder
Nome João Pedro
ID Autoridade 1081
702 ## - Autor secundário (pessoa individual)
Apelido Henriques
Nome Luís
ID Autoridade 903
801 #0 - Fonte de origem
País PT
Agência BEN2VN
Regras de catalogação RPC
830 ## - Notas gerais do catalogador
Criado por Tânia Croca
Data de criação 29/09/2025
990 ## - Elementos KOHA
Tipo de documento Livro
Exemplares
Situação do levantamento Biblioteca de origem Código de barras Cota Permissão de empréstimo Tipo de documento Forma de aquisição
  Biblioteca Escola Nº2 Vendas Novas 100000013112 LI POR/MES   Livro  

Powered by Koha